WORLD POLITICS IN THE 21ST CENTURY (Record no. 161219)

MARC details
000 -LEADER
fixed length control field 00636nam a2200205Ia 4500
003 - CONTROL NUMBER IDENTIFIER
control field OSt
005 - DATE AND TIME OF LATEST TRANSACTION
control field 20251201115758.0
020 ## - INTERNATIONAL STANDARD BOOK NUMBER
International Standard Book Number 978-0-547-05634-0
040 ## - CATALOGING SOURCE
Transcribing agency LC
050 ## - LIBRARY OF CONGRESS CALL NUMBER
Classification number JZ 1305 .D 86 2009
Item number 1
100 ## - MAIN ENTRY--PERSONAL NAME
Personal name DUNCAN, W. RAYMOND
245 #0 - TITLE STATEMENT
Title WORLD POLITICS IN THE 21ST CENTURY
250 ## - EDITION STATEMENT
Edition statement STUDENT CHOICE EDITION
260 ## - PUBLICATION, DISTRIBUTION, ETC.
Place of publication, distribution, etc. BOSTON,
Name of publisher, distributor, etc. HOUGHTON MIFFLIN HARCOURT PUBLISHING COMPANY,
Date of publication, distribution, etc. 2009,
300 ## - PHYSICAL DESCRIPTION
Extent XX, 473 P, ILL
500 ## - GENERAL NOTE
General note INCLUDES BIBLIOGRAPHICAL REFERENCES AND INDEX
650 ## - SUBJECT ADDED ENTRY--TOPICAL TERM
Topical term or geographic name entry element International relations, World politics-21st century
700 ## - ADDED ENTRY--PERSONAL NAME
Personal name JANCAR-WEBSTER BARBARA,SWITKY BOB
942 ## - ADDED ENTRY ELEMENTS (KOHA)
Koha item type Long Loan Book
Source of classification or shelving scheme Library of Congress Classification
Suppress in OPAC No
Holdings
Withdrawn status Lost status Source of classification or shelving scheme Damaged status Not for loan Collection Home library Current library Shelving location Date acquired Inventory number Total checkouts Full call number Barcode Date last seen Copy number Price effective from Koha item type
    Library of Congress Classification     Arts & Social Sciences Kisii University Library Kisii University Library On Display 12/04/2023 75527   JZ1305 .D86 2009 030077 12/04/2023 1 12/04/2023 Long Loan Book
    Library of Congress Classification     Arts & Social Sciences Kisii University Library Kisii University Library On Display 12/04/2023 102474   JZ 1305 .D 86 2009 000000000774 12/04/2023 2 12/04/2023 Long Loan Book